000 00612nam a22002297a 4500
003 UA-OsUOA
001 100221
007 ta
008 20130523b un ||||| |||| 00| 0 ukr d
100 _aТургенев И.
090 _a821. 161. 1
_bТ 87
942 _cBK
040 _aUA-OsUOA
_brus
_cUA-OsUOA
_dUA-OsUOA
245 _aНакануне
300 _a150 с.
955 _a3
041 _arus
080 _a821. 161. 1
260 _aМ.
_bХудожественная литература
_c1952
650 7 _a82 Література. Літературознавство
_2UDC
999 _c386460
_d386460